000 00636nam a2200181Ia 4500
008 100921s9999 xx 000 0 und d
082 _b1773
_a891.462 थ 71
100 _aकलगुटकर हिराकांत.
245 _aसंसार हा सुखाचा.
260 _bमॅजेस्टीक बुक स्टॉल,मुंबई.
_c1971
300 _a97
_b---
365 _b5
520 _aललित-नाटके.
630 _aसंसार हा सुखाचा.
650 _aललित-नाटके.
730 _aसंसार हा सुखाचा.
942 _cBOOK
999 _c750886
_d750883